000 01114cam a2200289 i 4500
001 26560
003 Mx-PuUPA
005 20250408090107.0
008 140415s2012 mx b gr 000 0 spa d
040 _aMx-PuUPA
_bspa
_cMx-PuUPA
_dMx-PuUPA
_erda
041 0 _aspa
100 1 _aEspinoza Barbosa, José Armando‏,
_d1937
_eautor
_915358
245 1 0 _aPreparación evangélica en el nuevo mundo :
_by su primera evangelización /
_cDr. José Armando Espinoza Barbosa
246 1 3 _aLa preparación evangélica en el nuevo mundo hasta 1492 :
_by desde 1493 su primera cristianización hasta 1644.
250 _aSegunda edición /
_babril
264 1 _aCiudad de México :
_bSeminario Mexicano para las Misiones Extranjeras,
_c©2011
300 _a261 páginas ;
_c24 cm
336 _2rdacontent
_atexto
_btxt
337 _2rdamedia
_asin medio
_bn
338 _2rdacarrier
_avolumen
_bnc
650 7 _2armarc
_aEvangelización
_zAmérica
650 7 _2armarc
_aMisiones
651 4 _aAmérica
_xEvangelismo
942 _2ddc
_cLI
_h266.097
_iE77
999 _c26560
_d26560